[Event "CZE-ch Juniors op-B"]
[Site "Kouty nad Desnou"]
[Date "2009.03.09"]
[Round "4"]
[White "Till, Jaroslav"]
[Black "Maly, Marek"]
[Result "0-1"]
[WhiteElo "1639"]
[BlackElo "1438"]
[PlyCount "108"]
[EventDate "2009.03.07"]
[EventType "swiss"]
[EventRounds "9"]
[EventCountry "CZE"]
[SourceTitle "EXT 2011"]
[Source "ChessBase"]
[SourceDate "2010.11.26"]
[SourceVersion "1"]
[SourceVersionDate "2010.11.26"]
[SourceQuality "1"]

1. d4 Nf6 2. c4 e5 3. dxe5 Ng4 4. Nf3 Nc6 5. Bf4 Bb4+ 6. Nbd2 Qe7 7. e3 Ngxe5 8. a3 Bxd2+ 9. Nxd2 d6 10. Be2 0-0 11. 0-0 Be6 12. Rc1 Qf6 13. b4 Ng6 14. Bg3 Nce7 15. c5 dxc5 16. Rxc5 c6 17. Qc1 Nf5 18. Ne4 Qe7 19. Bf3 Nxg3 20. Nxg3 Rad8 21. b5 cxb5 22. Rxb5 b6 23. Ne2 Rc8 24. Qb2 Rfd8 25. Nd4 Bc4 26. Nc6 Rxc6 27. Bxc6 Qd6 28. Bf3 Bxb5 29. Qxb5 Qxa3 30. Qg5 Qe7 31. Qxe7 Nxe7 32. Ra1 Rd7 33. g3 g6 34. Kf1 a5 35. Rb1 Rd6 36. Ke2 Kf8 37. e4 Nc6 38. Ke3 Ne5 39. Be2 Ke7 40. f4 Nd7 41. e5 Rc6 42. Bb5 Rc2 43. Bxd7 Kxd7 44. Rxb6 Rxh2 45. Rb7+ Ke6 46. Ke4 a4 47. Rb6+ Ke7 48. Rb7+ Kf8 49. Ra7 Ra2 50. Kd3 a3 51. Ra8+ Ke7 52. Ke4 Ra1 53. Kf3 a2 54. Kf2 Rh1 0-1